| 000 | 00357nam a22001697a 4500 | ||
|---|---|---|---|
| 003 | UA-OsUOA | ||
| 001 | 3329 | ||
| 007 | ta | ||
| 008 | 20050721b un ||||| |||| 00| 0 ukr d | ||
| 100 | _aRacine | ||
| 700 | _aJean | ||
| 942 | _cBK | ||
| 040 |
_aUA-OsUOA _cUA-OsUOA _dUA-OsUOA |
||
| 245 |
_aBerenice, Phedre, Athalie. _bFrench |
||
| 955 | _a2 | ||
| 650 | 7 | _2UDC | |
| 999 |
_c289491 _d289491 |
||